| 000 | 01252nam a2200289 4500 | ||
|---|---|---|---|
| 001 | 113978 | ||
| 003 | DR-UNIBE | ||
| 005 | 20260306062557.0 | ||
| 008 | 250730b2010 mx ||||| |||| 00| 0 spa d | ||
| 020 | _a9786074681710 | ||
| 040 |
_aBIBLIOTECA UNIBE _cBIBLIOTECA UNIBE _bspa _erda |
||
| 041 | _aspa | ||
| 082 |
_222 _a340.1 B867j |
||
| 100 | 1 | 0 |
_aBrokmann Haro, Carlos _9197994 _eautor |
| 245 | 1 | 3 |
_aLa Justicia en el mundo prehispánico / _cCarlos Brokmann |
| 250 | _aPrimera edición | ||
| 260 |
_aMéxico : _bSuprema Corte de Justicia de la Nación , _c2010 |
||
| 300 |
_a272 páginas : _c13 x 10 cm |
||
| 490 |
_aEpisodios y personajes del Poder Judicial de la Federación ; _v13 |
||
| 500 | _aFoto de portada: Plano de la ciudad de Tenochtitlán, rodeado de los glifos de emperadores aztecas, Códice Mendoza | ||
| 505 | _aPresentación | Preámbulo | I. El discurso jurídico | II. Los actores | III. La puesta en escena | Bibliografía | ||
| 650 | 7 |
_2lemb _aDerecho prehispánico _zMéxico _9202977 |
|
| 650 | 7 |
_2lemb _aAdministración de justicia _xHistoria _zMéxico _9202978 |
|
| 650 | 7 |
_2lemb _aTribunales prehispánicos _zMéxico _9202979 |
|
| 700 | 0 |
_aValls Hernández, Sergio Armando, _d1941- _epresentador _9194223 |
|
| 942 |
_2ddc _cBK |
||
| 999 |
_c113978 _d113978 |
||